Journal of Agricultural Economics
Salvato in:
| Natura: | Periodico |
|---|---|
| Lingua: | inglese |
| Pubblicazione: |
London
Agricultural Economics Society
|
| Soggetti: | |
| Tags: |
Nessun Tag, puoi essere il primo ad aggiungerne!!
|
MARC
| LEADER | 00000nas1a2200000 4500 | ||
|---|---|---|---|
| 001 | s123704 | ||
| 005 | 20250730114818.7 | ||
| 022 | |a 0021-857X | ||
| 022 | |a 1477-9552 | ||
| 041 | 0 | |a eng | |
| 044 | |a GB | ||
| 245 | 1 | 0 | |a Journal of Agricultural Economics |
| 264 | 1 | |a London |b Agricultural Economics Society | |
| 500 | |a ISSN prevzaté zo SKK-P UKB. | ||
| 610 | 2 | 0 | |a poľnohospodárstvo |
| 610 | 2 | 0 | |a politika poľnohospodárska |